Statistiques concernant Villes du Monde sur une carte par lettre - F

Cliquez ici pour prendre le quiz!

Statistiques générales

  • Ce quiz a été pris 9 442 fois
    (8 351 depuis la dernière actualisation)
  • Le résultat moyen est 6 sur 15

Réponses sur la Carte

Les réponses sont colorées sur une échelle allant du rouge au vert en fonction du pourcentage des utilisateurs qui les ont devinées à leur premier essai. Vous pouvez retrouver ces pourcentages ci-dessous.
 

Statistiques - réponses

Villes% Correct
Florence
85%
Francfort
73%
Fès
55%
Fukushima
55%
Faro
50%
Freetown
41%
Fréjus
41%
Fribourg
38%
Fort-de-France
36%
Funafuti
24%
Fortaleza
23%
Fukuoka
21%
Funchal
20%
Fairbanks
19%
Faisalabad
10%

Distribution des résultats

Percentile par nombre de réponses

% des personnes avec chaque résultat

Votre développement - résultats

Vous n’avez pas pris ce quiz depuis la dernière actualisation